Central Library OPAC University of Rajshahi
Normal view MARC view

Entry Personal Name

Number of records used in: 7

001 - CONTROL NUMBER

  • control field: 5482

003 - CONTROL NUMBER IDENTIFIER

  • control field: BD-RjUL

005 - DATE AND TIME OF LATEST TRANSACTION

  • control field: 20221025141652.0

008 - FIXED-LENGTH DATA ELEMENTS

  • fixed length control field: 221025|| aca||aabn | a|a d

040 ## - CATALOGING SOURCE

  • Original cataloging agency: BD-RjUL
  • Transcribing agency: BD-RjUL

100 ## - HEADING--PERSONAL NAME

  • Personal name: Victoria, Queen of Great Britain,
  • Dates associated with a name: 1819-1901

670 ## - SOURCE DATA FOUND

  • Source citation: Work cat.: (BD-RjUL)80620: Fitzgerald Molloy 5481, Victoria Regina /, 1908